000 01074nam a2200289Ia 4500
001 ebr10739596
003 CaPaEBR
006 m o u
007 cr cn|||||||||
008 130809s2013 at sb 001 0 eng d
020 _z9781742233956
020 _z9781742246529
040 _aCaPaEBR
_cCaPaEBR
035 _a(OCoLC)829929967
050 1 4 _aML410.B4
_bW37 2013eb
100 1 _aWard, Brendan.
245 1 4 _aThe Beethoven obsession
_h[electronic resource] /
_cBrendan Ward.
260 _aSydney :
_bNewSouth,
_c2013.
300 _a289 p.
504 _aIncludes bibliographical references and index.
533 _aElectronic reproduction.
_bPalo Alto, Calif. :
_cebrary,
_d2013.
_nAvailable via World Wide Web.
_nAccess may be limited to ebrary affiliated libraries.
600 1 0 _aBeethoven, Ludwig van,
_d1770-1827.
650 0 _aComposers
_vBiography.
655 7 _aElectronic books.
_2local
710 2 _aebrary, Inc.
856 4 0 _uhttp://site.ebrary.com/lib/rucke/Doc?id=10739596
_zAn electronic book accessible through the World Wide Web; click to view
999 _c36463
_d36463